Koncentrácia, fúzie a bariéry vstupu do odvetvia

Meranie koncentrácie a metódy na meranie stupňa koncentrácie v priemysle. Herfindahlov - Hirshmanov index. Fúzie medzi firmami a ich členenie. Problematika bariér vstupu do určitého odvetvia. Zastrašovanie vstupu ako strategické konanie firmy, keď je ohrozená vstupom potenciálnej firmy do priemyseln...

Full description

Saved in:
Bibliographic Details
Main Author: Oršulová, Anna
Other Authors: Zemanová, Viera
Format: Book Chapter
Language:Slovak
Subjects:
Tags: Add Tag
No Tags, Be the first to tag this record!

MARC

LEADER 00000naa$a2200000$$$4500
001 0050609
005 20240502083132.8
041 0 |a slo 
044 |a CZ 
245 1 0 |a Koncentrácia, fúzie a bariéry vstupu do odvetvia  |c Anna Oršulová, Viera Zemanová 
520 |a Meranie koncentrácie a metódy na meranie stupňa koncentrácie v priemysle. Herfindahlov - Hirshmanov index. Fúzie medzi firmami a ich členenie. Problematika bariér vstupu do určitého odvetvia. Zastrašovanie vstupu ako strategické konanie firmy, keď je ohrozená vstupom potenciálnej firmy do priemyselného odvetvia. Pojem zapustené náklady (sunk costs). Bezbariérové trhy. 
610 2 0 |a podnik 
610 2 0 |a odvetvia priemyselné 
610 2 0 |a fúzie 
610 2 0 |a koncentrácia 
610 2 0 |a trh 
610 2 0 |a bariéry konkurenčné 
610 2 0 |a náklady 
610 2 0 |a zisk 
100 1 |a Oršulová, Anna 
700 1 |a Zemanová, Viera